Statistics for Thai Bl couples

Click here to take the quiz!

General Stats

  • This quiz has been taken 236 times
  • The average score is 4 of 65

Answer Stats

HintAnswer% Correct
Mafia and BodyguardKinnPorsche
97%
Gay and HomophobeTharnType
64%
Torturer and "victim"VegasPete
49%
youngest mafia and bodyguards little brotherKimChay
20%
Swimming boysWinTeam
20%
Gang and TwinSeanWhite
17%
United loversDeanPharm
8%
Frenemies to LoversPatPran
8%
Suicidal loversKornIn
7%
Ranger and TeacherPhuphaTian
7%
Football boy and rich guyAePete
5%
"best" friends... I mean boyfriendsLeoFiat
5%
Writer and actorNubsibGene
5%
Junior and SeniorKongArthit
4%
Artist and cheerleaderSarawaTine
4%
The gang couple we wantedBlackGram
3%
Teacher and autopsy manTanBun
3%
I don't feel guilty, I love youYiDiao
3%
Cousin of gay and his boyfriendCirPhugun
2%
Sunflower and its ownerKhabkluenDaonuea
2%
Sound guy and directorKhaiThird
2%
The cow loving boysKornWin
2%
Long live engagementLianNuea
2%
Lover and bhudda boyNueaSin
2%
Guitar and GaypanicSaifahZon
2%
Rich guy and cravingTinCan
2%
In a "relationship" and heartbrokenVeeMark
2%
Childhood sweethearts, without their knowledgeAkkTheo
1%
I'm straight, but I can't stop staring at a gayFighterTutor
1%
handsome and yaas queenIntouchDaisy
1%
Bestfriend sex?KornKnock
1%
Model and VoulenteerLeonPob
1%
I want you and leave me aloneManType
1%
Dog and cat
from another series
MarKit
1%
ArchitectsMilPhukong
1%
Dog and catMingKit
1%
Popular and transformerMorkPi
1%
KissPeteKao
1%
Ice and FireRamKing
1%
Coffee boy and fighter dudeSunMork
1%
No, We're not gay. *kissing situps*AiNhai
0%
They shouldn't be a coupleBonDuen
0%
writer and an actual catDermdeMeow
0%
RunnersDomeVee
0%
Brothers of the aboveDueanMeen
0%
Teacher and actual catEvanFaiyen
0%
childhood basketballFhaThorn
0%
We are not gonna be a
One Night Stand!
ForthBeam
0%
Artist and fanJediRay
0%
doctor and teacherKuafahPrince
0%
Mister pining and obliviousMekBoss
0%
Doctor and riderMorkTawan
0%
Magic and VangoghNeuaToh
0%
Friends to enemies to friends to lovers to nothing
to "friends" to lovers to enemies to lovers?
Oh-AewTeh
0%
Messy and NeatPhapMet
0%
Secret highschool sweetheartsPhaYo
0%
Music producer and boyfriendPiercePhoon
0%
Actor and shy boyRyouAnda
0%
basketball dude and basketball dudeSaintMon
0%
Another type of MingKitSeanAii
0%
Love me and you don't really love meSkyKaojao
0%
Music man and basketball dudeSoMon
0%
Singer and managerTeeJet
0%
Pinee and PinerTonhonChonlatee
0%
Doctor and doctorToyBoss
0%

Score Distribution

Percentile by Number Answered

Percent of People with Each Score

Your Score History

You have not taken this quiz